Produktivitätsverbesserungen mit NC-Maschinen und Computern /
Salvato in:
| Autore principale: | |
|---|---|
| Natura: | Libro |
| Lingua: | tedesco |
| Pubblicazione: |
München :
Carl Hanser Verlag,
1969
|
| Soggetti: | |
| Tags: |
Nessun Tag, puoi essere il primo ad aggiungerne!!
|
MARC
| LEADER | 00000nam a22000003a 4500 | ||
|---|---|---|---|
| 001 | stu40921 | ||
| 005 | 20150617225722.9 | ||
| 008 | 930601s1969----gw------------------ger-d | ||
| 040 | |a STU |b slo | ||
| 041 | 0 | |a ger | |
| 044 | |a gw | ||
| 080 | |a 681.32 | ||
| 100 | 1 | |a Simon, Wilhelm |4 xxx | |
| 245 | 1 | |a Produktivitätsverbesserungen mit NC-Maschinen und Computern / |c W. Simon a kol | |
| 260 | |a München : |b Carl Hanser Verlag, |c 1969 | ||
| 300 | |a 167 s | ||
| 650 | 7 | |a stroje NC |2 stusub | |
| 650 | 7 | |a počítače |2 stusub | |
| 996 | |b 284M061815 |c M*1088-1 |l MMKN |s A |a 24 |w stu40921_0001 | ||